Statistics for Netherlands Starting Lineup 2010 FIFA World Cup

Click here to take the quiz!

General Stats

  • This quiz has been taken 1,299 times
  • The average score is 7 of 11

Answer Stats

PositionPlayer% Correct
RWArjen Robben
97%
CFRobin Van Persie
95%
AMWesley Sneijder
86%
DMNigel De Jong
77%
GKMaarten Stekelenburg
69%
DMMark Van Bommel
63%
LBGiovanni Van Bronckhorst
58%
LWDirk Kuyt
58%
CBJohn Heitinga
52%
RBGregory Van Der Wiel
45%
CBJoris Mathijsen
38%

Score Distribution

Percentile by Number Answered

Percent of People with Each Score

Your Score History

You have not taken this quiz